Music Quiz

Random Music or Artist Quiz

50 Songs By Who? 2 (Clips) Quiz Stats

 Plays Quiz not verified by Sporcle

Challenge
Share
Tweet
Score 0/50 Timer 20:00
0 Plays Today
Time Artist % Correct
0.00Earth, Wind & Fire
77.1%
1.52Vanessa Carlton
71.2%
3.23Men At Work
71.2%
2.06The Lumineers
69.9%
0.35Elle King
68%
1.31M.I.A.
61.4%
0.21Don Henley
60.8%
3.444 Non Blondes
60.1%
5.01Semisonic
59.5%
2.48Toni Basil
56.9%
5.43Savage Garden
56.9%
3.51The Troggs
56.2%
1.59Sixpence None The Richer
55.6%
3.37Jefferson Airplane
53.6%
3.02Cutting Crew
52.9%
5.29Supertramp
52.9%
2.41The J Geils Band
52.3%
5.08Extreme
51%
5.36Tommy Tutone
49%
1.17Sublime
48.4%
3.58Bill Withers
47.1%
4.33Creed
46.4%
2.13Good Charlotte
45.1%
1.45Cake
43.1%
4.40Mike Posner
38.6%
Time Artist % Correct
0.49ABC
37.9%
0.14Neon Trees
35.3%
4.54Sugarhill Gang
34.6%
5.22Carl Perkins
34.6%
4.26Live
33.3%
0.56Jamelia
28.8%
4.19M83
28.1%
0.28Razorlight
27.5%
2.20Junior Senior
26.1%
2.27Orchestral Manoeuvres In The Dark
22.9%
4.12Curtis Mayfield
22.9%
2.34Nazareth
19.6%
3.30Stereo MCs
18.3%
3.09The 1975
16.3%
0.42Bodyrockers
15.7%
1.03The Primitives
13.7%
5.15Ocean Colour Scene
12.4%
1.10Orson
9.2%
4.05Doves
9.2%
2.55Chvrches
7.2%
4.47NOFX
7.2%
1.24Engelbert Humperdinck
5.9%
0.07Radical Face
5.2%
1.38Al Martino
3.9%
3.16Art Brut
3.9%

You're not logged in!

Compare scores with friends on all Sporcle quizzes.
OR
Log In

You Might Also Like...

Show Comments

Extras

Top Quizzes Today


Score Distribution

Your Account Isn't Verified!

In order to create a playlist on Sporcle, you need to verify the email address you used during registration. Go to your Sporcle Settings to finish the process.

Report this User

Report this user for behavior that violates our Community Guidelines.

Details: